Регионална библиотека "Любен Каравелов" - Русе

Вечният еснаф (Запис номер 188525)

MARC детайли
000 -Лидер
Контролно поле с фиксирана дължина 01337nam a2200313 c 4500
003 - Код на организацията, давaща контролен номер
Контролно поле BLK
005 - Дата и час на последна редакция
Контролно поле 20230412115005.0
008 - Елементи от данни с фиксирана дължина
fixed length control field 180411b bul|||||r ||||||| ||bul||
010 ## - Наследен системен номер
LC control number KNG00197543000
040 ## - Източник на каталожния запис
Идентификатор на билиотеката - собственик на записа BLK
041 ## - Код за език
Код за езика на текст/звукозапис или на отделно заглавие Български
Код за езика КДБФ Български
Други езици Немски
080 ## - УДК
Текстов определител УДК Немска литература
УДК код - определител по УДК 821.112.2
УДК определител -31
УДК - код + определител 821.112.2-31
080 ## - УДК
Текстов определител УДК Немска литература
УДК код - определител по УДК 821.112.2
УДК определител -32
УДК - код + определител 821.112.2-32
100 1# - Редна дума - Автор
Автор Хорват, Йодьон фон
Авторска отговорност първи автор
R(LIN) 372021
139 ## - Редно поле
Редна дума Хорват, Йодьон фон
Авторски знак Хорац - Х 67
245 10 - Сведения за заглавието
Заглавие Вечният еснаф
Подзаглавни данни Разкази и романи
Редно поле (дума) Йодьон фон Хорват; прев. от нем. Красимира Михайлова; с предг. от Венцеслав Константинов.
257 ## - Страна на издаване
Страна на създаване/издаване България
260 ## - Област на издателските данни
Място на издаване, разпространение и проч. Пловдив
Име на издателя, разпространителя и проч. Христо Г. Данов
Година на издаване 1983
300 ## - Физическа характеристика
Страници 270 с.
Размери/Мащаб 20 см
380 ## - Жанр
Жанр Худож. лит.
500 ## - Общи забележки
Забележка Ориг. загл. Der ewige Spieber / Odon von Horvarth
700 1# - Други автори (авторска отговорност)
Лично име Михайлова, Красимира
Автороска отговорност (Описва отношението между автора и произведението) прев. от нем.
9 (RLIN) 366538
700 1# - Други автори (авторска отговорност)
Лично име Константинов, Венцеслав
Автороска отговорност (Описва отношението между автора и произведението) с предг. от
9 (RLIN) 367608
852 ## - Местоположение
Форматна сигнатура Цб 121547
856 4# - Електронен адрес и достъп
Електронен формат pdf - файл
Инструкция (цена за достъп) 0.00
Права за достъп disable
856 4# - Електронен адрес и достъп
Електронен формат pdf - файл
Инструкция (цена за достъп) 0.00
Права за достъп disable
999 ## - СИСТЕМНИ КОНТРОЛНИ НОМЕРА
Koha biblionumber 188525
Koha biblioitemnumber 188525
942 ## - АРТИКУЛИ
Вид на библиотечния материал Книги
Скрит в OPAC Не
Периодичен библиозапис Да
944 ## - СЪЗДАВАНЕ И РЕДАКЦИЯ на ЗАПИСА
Създаване/Редакция Създаване
Дата на регистрацията/редакция 06.12.2016
Служител, извършил регистрацията/редакцията Христина_Везирева
944 ## - СЪЗДАВАНЕ И РЕДАКЦИЯ на ЗАПИСА
Създаване/Редакция Редакция
Дата на регистрацията/редакция 06.12.2016
Служител, извършил регистрацията/редакцията Христина_Везирева
999 ## - СИСТЕМНИ КОНТРОЛНИ НОМЕРА
Koha biblioitemnumber 188525
Наличности
Код за отписване Код за изгубен артикул Източник на класификационната схема Код за повреда Коз за рестрикции Код за отдаване Артикулен № Име на библиотеката - собственик Име на библиотеката, в която се намира в момента Статус (Текущо местоположение) Дата на вписване в системата Местоположение - отдел Цена в лева Инвентарен номер Систематично азбучна сигнатура Баркод Номер на екземпляра Цена в евро Служебна бележка Служебен тип на артикула
  Не е изгубен Universal Decimal Classification Не е повреден без рестрикции ползва се в читалня 330950 Регионална библиотека "Любен Каравелов" Русе Регионална библиотека "Любен Каравелов" Русе Хранилище 1983-01-01 Хранилище 1.57 378232 Цб 121547 120000378232 1 0.80 Вид: Сф N: стар фонд Дата: 01.01.1983 Книги
Изтеглен Не е изгубен Universal Decimal Classification Не е повреден без рестрикции заемане за дома 330951 Регионална библиотека "Любен Каравелов" Русе Регионална библиотека "Любен Каравелов" Русе Заемна - подръчен фонд 1983-01-01 Заемна - подръчен фонд 1.57 378507 П 830-31/Х 67 378507 2 0.80 Вид: Сф N: стар фонд Дата: 01.01.1983 Книги
Изтеглен Не е изгубен Universal Decimal Classification Не е повреден без рестрикции заемане за дома 330952 Регионална библиотека "Любен Каравелов" Русе Регионална библиотека "Любен Каравелов" Русе Заемна - подръчен фонд 1983-01-01 Заемна - подръчен фонд 1.57 378509 П 830-31/Х 67 378509 3 0.80 Вид: Сф N: стар фонд Дата: 01.01.1983; Бележки инв: П2018 Книги
Изтеглен Не е изгубен Universal Decimal Classification Не е повреден без рестрикции заемане за дома 330953 Регионална библиотека "Любен Каравелов" Русе Регионална библиотека "Любен Каравелов" Русе Заемна - подръчен фонд 1983-01-01 Заемна - подръчен фонд 1.57 378510 П 830-31/Х 67 378510 4 0.80 Вид: Сф N: стар фонд Дата: 01.01.1983 Книги
Изтеглен Не е изгубен Universal Decimal Classification Не е повреден без рестрикции заемане за дома 330954 Регионална библиотека "Любен Каравелов" Русе Регионална библиотека "Любен Каравелов" Русе Заемна - подръчен фонд 1983-01-01 Заемна - подръчен фонд 1.57 378514 П 830-31/Х 67 378514 5 0.80 Вид: Сф N: стар фонд Дата: 01.01.1983 Книги
Vip Innovations Ltd, Rousse, Bulgaria 2025